New Zealand Rugby - Played For and also Coached the All Blacks - Statistics

General Stats
  • This quiz has been taken 23 times
  • The average score is 5 of 11
Answer Stats
Years As Coach Name % Correct
1985-1987 Brian Lochore
77%
2001-2003 John Mitchell
77%
2000-2001 Wayne Smith
77%
1992-1995 Laurie Mains
73%
1988-1991 Alex Wyllie
68%
1966-1968 Fred Allen
68%
1969-1971 Ivan Vodanovich
23%
1981-1982 Peter Burke
9%
1972-1973 Bob Duff
5%
1962 Ron Bush
5%
1958-1960 Jack Sullivan
0%
No matching quizzes found
Score Distribution
Percent of People with Each Score
Percentile by Number Answered
Your Score History
You have not taken this quiz